| 000 | 00928nas a2200301 4500 | ||
|---|---|---|---|
| 001 | BR7804212 | ||
| 003 | BR-BrBNA | ||
| 005 | 20231205083510.0 | ||
| 007 | ta | ||
| 008 | 230509b bl.|||p| |||| 00| 00por d | ||
| 040 |
_aBR-BrBNA _bpor _cBiblioteca Nacional de Agricultura |
||
| 041 | _a(Pt) | ||
| 072 | _aH20 | ||
| 100 | 1 | _aIssa, E. | |
| 100 | 1 | _aSouza, D.M. de | |
| 100 | 1 | _aLeite, L.C. | |
| 100 | 1 | _aJesus, L.M. de | |
| 100 | 1 | _aAmaral, R.E. de M. | |
| 111 | 1 |
_a7. Congresso da Sociedade Brasileira de Fitopatologia _cBrasilia, DF (Brazil) _d3 Feb 1974 |
|
| 245 | 1 | _aResistencia ao brusone em cultivares de arroz [Oryza sativa] | |
| 650 | _aDoenca de planta | ||
| 650 | _aArroz | ||
| 650 | _aBrusone | ||
| 650 | _aVariedade resistente | ||
| 773 | 0 |
_tAgronomico (Brazil) _xISSN 0365-2726 _g(Jan/Dec 1977/1978), v. 29/30 p. 104-111 _wBR7804212 |
|
| 909 |
_a202311 _bLúcia _c55 _dLúcia Elande |
||
| 942 |
_2AGRIS _n0 _cANA |
||
| 999 |
_c99212 _d99212 |
||